[Event "IECG CF.2003.0.00054 email"]
[Site "IECG email"]
[Date "2003.12.17"]
[Round "?"]
[White "Maggioli, Renee"]
[Black "Castro, Carlos Roberto"]
[Result "0-1"]
[WhiteElo "1000"]
[BlackElo "1000"]
[PlyCount "30"]
[EventDate "2003.12.17"]
[EventType "tourn (corr)"]
[EventRounds "6"]
[SourceTitle "Corr 2024"]
[Source "ChessBase"]
[SourceDate "2023.10.19"]
[SourceVersion "1"]
[SourceVersionDate "2023.10.19"]
[SourceQuality "1"]

1. c4 e5 2. g3 f5 3. Bg2 Nf6 4. d4 exd4 5. Qxd4 Nc6 6. Qe3+ Be7 7. Nc3 d6 8. Nh3 0-0 9. Nf4 Ne5 10. b3 c6 11. 0-0 Qe8 12. Rd1 Nh5 13. Bb2 Ng4 14. Qd2 Bd7 15. c5 Nxf4 0-1

[Event "IECG CF.2003.0.00054 email"]
[Site "IECG email"]
[Date "2003.12.17"]
[Round "?"]
[White "Thurrott, Allan"]
[Black "Maggioli, Renee"]
[Result "1-0"]
[WhiteElo "1127"]
[BlackElo "1000"]
[PlyCount "33"]
[EventDate "2003.12.17"]
[EventType "tourn (corr)"]
[EventRounds "6"]
[SourceTitle "Corr 2008"]
[Source "ChessBase"]
[SourceDate "2008.06.24"]
[SourceVersion "1"]
[SourceVersionDate "2008.06.24"]
[SourceQuality "1"]

1. e4 e6 2. d4 d5 3. Nc3 dxe4 4. Nxe4 Nd7 5. Nf3 Ngf6 6. Nxf6+ Nxf6 7. Bd3 c5 8. dxc5 Bxc5 9. Qe2 Qc7 10. Bd2 0-0 11. 0-0-0 b6 12. Ne5 Bb7 13. f4 a5 14. Rhf1 a4 15. a3 b5 16. Bxb5 Rfc8 17. Bd3 1-0